000 00692nam a2200217Ia 4500
008 200825s9999||||xx |||||||||||||| ||und||
020 _a9577272711
020 _a9789577272713
041 _achi
050 _aBR1285
_b.W344 2006
100 _a王樹槐
245 0 _a基督教與清季中國的教育與社會
_b /
_c王樹槐
246 _a基督教与清季中国的教育与社会
_b/
260 _a台北 :
_b基督教宇宙光全人關懷機構,
_c2006
300 _a233 p.
_b;
_c21 cm.
490 _a馬禮遜入華宣教200年紀念文集
_vv. 4
650 _aChina Church history 19th century.
650 _aChristian publishing China.
650 _aChristianity.
999 _c18808
_d18808